Washington State Multiple Choice - Statistics

General Stats
  • This quiz has been taken 84 times
  • The average score is 11 of 21
Answer Stats
Question Answer % Correct
What is the official nickname of Washington State? Evergreen State
86%
True or False: The owner of JetPunk currently resides in Washington State. True
79%
What is the tallest mountain in Washington State? Mount Rainer
71%
What is the name origin of Washington State? Named for George Washington
71%
What is the capital of Washington State? Olympia
71%
What county is the most populous in Washington State? King
64%
True or False: Washington State is the birthplace of Grunge Music. True
57%
True or False: The Grand Coulee Dam is the largest dam in the world. False
50%
True or False: Washington State sells the most cannabis in the U.S. False
50%
Which landmark is located on the border of Blaine and Surrey, British Columbia? Peace Arch
50%
Which of these major professional sports teams are not in Washington State? Timbers
50%
How many states border Washington State? 2
43%
How many World Fairs were hosted in Washington State? 2
43%
Besides Spanish, what is the most spoken at-home language in Washington State? Chinese
43%
Which of these companies were not founded in Washington State? Facebook
43%
Which of these colleges are not located in Washington State? North Washington University
43%
Which mountain range separates the state into two? Cascade Mountains
36%
Which one of these cities are not part of the "Tri-Cities" metropolitan area? Ellensburg
29%
Which crop is not the most produced in Washington State? Potatoes
29%
Galloping Gertie was a...? Bridge
21%
True or False: Puget Sound is the largest estuary in the United States. False
21%
No matching quizzes found
Score Distribution
Percent of People with Each Score
Percentile by Number Answered
Your Score History
You have not taken this quiz